000
00316nam a2200145Ia 4500
100
_a
Lochner/ Robert H/ Matar/ J.E.
942
_c
BK
654
_a
Designing
245
_a
Designing for Quality
260
_b
Chapman & Hall
_c
1990
082
_a
620.0028
_b
LOC
300
_a
241
546
_a
ENGLISH
999
_c
29615
_d
29615